Представление документа в формате MARC21

Поле Инд. ПП Название Значение
Тип записи a
Библиографический уровень m
001 Контрольный номер 5ab2de61-1518-475d-a132-4a261ef58d41
005 Дата корректировки 20140703143446.5
008 Кодируемые данные 060328
020 a ISBN 5-902-638-09-7
c Цена, тираж 173.50
040 a Служба первич. каталог. НБ ТвГУ
041 a Код языка текста rus
080 a Индекс УДК 811.161.1'374.3
084 a Индекс другой классификации/Индекс ББК Ш141.12-420
090 x Авторский знак О-45
a Полочн. индекс Ш141.12
100 1_ a Автор Ожегов Сергей Иванович
d Дата 1900-1964
245 10 a Заглавие Толковый словарь русского языка
b Продолж. заглавия 80 000 слов и фразеол. выражений
c Ответственность С. И. Ожегов, Н. Ю. Шведова ; Рос. АН, Ин-т рус. языка им. В. В. Виноградова
250 a Основные сведения об издании 4-е изд., доп
260 0_ a Место издания Москва
b Издательство ИТИ Технологии
c Дата издания 2005
300 a Объем 944 с.
583 a Действие Получение впервые 98 27.03.2006
k Исполнитель действия ООО "Мир книг"
650 a Основная рубрика Русский язык
x Основная подрубрика Лексикология
x Основная подрубрика Толковые словари
653 a Ключевые слова Русский язык
a Ключевые слова Лексикология русского языка
a Ключевые слова Толковые словари
a Ключевые слова Словари
700 1_ a Другие авторы Шведова Наталия Юльевна
e Роль лиц авт.
852 t Порядковый номер экземпляра 1
p Инвентарный номер 836374
863 t 00146189
888 a За счет средств НБ ТвГУ
930 a Новая/Ретро словари
952 p 98.2006 173.50 1 836374
c Вид литературы К рн
954 a Дата поступления на обработку 20060405
999 a Подразделение 2 Фил1